000 00763nam a2200229 a 4500
001 000021248
005 20250520113501.0
008 100902s1995 ve r 000 0 spa d
020 _a9803540033
040 _aDO-SdBNP
_bspa
_cBNPHU
082 _a128.3
_bS942p
100 1 _aSucre, Antonio José de,
_944410
245 1 0 _aPensamientos de Antonio José de Sucre :
_b(gran mariscal de Ayacucho) /
_cAntonio José de Sucre ; selección y prólogo de Gina Alessandra Saraceni.
260 _aCaracas :
_bAlfadil,
_c1995.
300 _a84, [1] p. ;
_c16 cm.
490 1 _aAmeritextos
_v7
650 0 _aFilosofía
_9813
650 0 _aPensamiento
_922995
700 1 _aSaraceni, Gina Alessandra,
_epról.
_944411
830 0 _aAmeritextos ;
_v7
_910726
049 _aBNGR
999 _c20749
_d20749